Az OBA szerepe a banki válság kezelésében
Elmentve itt :
| Szerző: | |
|---|---|
| További közreműködők: | |
| Dokumentumtípus: | Szakdolgozat |
| Megjelent: |
2005
|
| Tárgyszavak: | |
| Online Access: | http://diploma.bibl.u-szeged.hu/32471 |
| LEADER | 00545nta a2200157 i 4500 | ||
|---|---|---|---|
| 001 | dipl32471 | ||
| 005 | 20130314092702.0 | ||
| 008 | 110714s2005 hu om 0|| zxx d | ||
| 040 | |a SZTE Diploma Repozitórium |b hun | ||
| 041 | |a zxx | ||
| 100 | 1 | |a Császár Terézia | |
| 245 | 1 | 3 | |a Az OBA szerepe a banki válság kezelésében |h [elektronikus dokumentum] / |c Terézia Császár |
| 260 | |c 2005 | ||
| 650 | 4 | |a Gazdaságtudományok | |
| 700 | 1 | |a Schneider Klára |e ths | |
| 856 | 4 | 0 | |u http://diploma.bibl.u-szeged.hu/id/eprint/32471/1/szakdolgozat.pdf |z Dokumentum-elérés |